000 00863cam a22001934a 4500
005 20250605164059.0
008 250528s ||||||||||||||||||||||||d
035 _a17550
020 _a877492344
040 _aGR-AtMCL
_bgre
_dGR-AtMCL
_eAACR2
245 1 _aMushroom Growing
260 _bDrake Publishers, Inc,
_c1972
300 _a100
520 _aWild Mushrooms, What Mushrooms are and How They Grow, Natural or Hit-and-Miss Methods of Growing Mushrooms, Cultivated Mushrooms, The Process in Outline and the Materials and Accessories Required, Where to Grow Mushrooms, How to Compost Stale Manure, The Treatment of Straw and Other Substitutes for Stable Manure, Making up the Beds and Spawning and Casing, Management of the Beds: Hygiene: Picking and Preserving.
700 1 _aSimons Arthur J
_93698
942 _cBK
999 _c2955
_d2955